LEADER 02656nam0 22004213i 450 001 NAP0345086 005 20251003044248.0 010 $b(errato)$z8820726610 010 $a9788820726614$bDa 4. rist. 2010 senza CD-ROM 100 $a20231122d1999 ||||0itac50 ba 101 | $aita$cita 102 $ait 181 1$6z01$ai $bxxxe 182 1$6z01$an 183 1$6z01$anc$2RDAcarrier 200 1 $aTermodinamica per ingegneri$eapplicazioni$fRita Mastrullo, Pietro Mazzei, Raffaele Vanoli 205 $a2. ed 210 $aNapoli$cLiguori$d1999 215 $a327 p.$d25 cm$e4 carte di tav. ripieg. + 1 fascicolo + 1 CD-ROM 225 | $aBS$eBiblioteca scientifica 410 0$1001RAV0306437$12001 $aBS$eBiblioteca scientifica 500 10$aTermodinamica per ingegneri : applicazioni$3CAG2179020$9CFIV036432$94431978 606 $aTermodinamica applicata$2FIR$3CFIC044051$9E 676 $a621.402$9INGEGNERIA TERMICA$v14 676 $a621.4021$9INGEGNERIA TERMICA. TERMODINAMICA$v22 676 $a621.4021$9FISICA APPLICATA. Termodinamica$v23 700 1$aMastrullo$b, Rita$3CFIV036432$4070$0421848 701 1$aMazzei$b, Pietro$3CFIV038320$4070$0423 701 1$aVanoli$b, Raffaele$3CFIV051235$4070$0331037 801 3$aIT$bIT-000000$c20231122 850 $aIT-BN0095 $aIT-NA0079 901 $bNAP BN$cMAGAZZINO $nmagazzini correnti divisi per anni 901 $bNAP 01$cSALA DING $n$ 912 $aNAP0345086 950 0$aBiblioteca Centralizzata di Ateneo$c1 v. + 4 tav. ripiegate + 1 fascicolo in quattro copie + 2 CD-ROM$d 01SALA DING 621.402 MAS.te$e 0102 0000051705 VMA A4 1 v. (2. rist. 2002) + 4 carte di tav. ripiegate + 1 fascicolo + 1 CD-ROM$fY $h20040114$i20110117$c1 v. + 4 tav. ripiegate + 1 fascicolo in quattro copie + 2 CD-ROM$d 01SALA DING 621.402 MAS.te$e 0102 0000052525 VMF A4(bis 1 v. (2. rist. 2002 + 4 carte di tav. ripiegate + 1 fascicolo + 1 CD-ROM; 2. copia)$fY $h20040130$i20120426$c1 v. + 4 tav. ripiegate + 1 fascicolo in quattro copie + 2 CD-ROM$d 01SALA DING 621.402 MAS.te$e 0102 0000094425 VMA A4(ter 1 v. + 4 tav. ripiegate + 1 fascicolo (P. [271-323] (4. rist. 2010; 3. copia)$fY $h20121025$i20121029$c1 v. + 4 tav. ripiegate + 1 fascicolo in quattro copie + 2 CD-ROM$d 01SALA DING 621.402 MAS.te$e 0102 0000094435 VMA A4(quater 1 v + 4 tav. ripiegate + 1 fascicolo (P. [271-323]) (4. rist. 2010; 4. copia)$fY $h20121025$i20121029 977 $a 01$a BN 996 $aTermodinamica per ingegneri : applicazioni$94431978 997 $aUNISANNIO